000 01185nam a22003377a 4500
003 CHAP
005 20220329133557.0
008 971013s1993 r 00010 d
010 _a8106
011 _a9078
035 _a8312
040 _cCHAP
090 _aTesis
100 0 0 _aHernández González, Paulina.
_954076
245 _aPropagación vegetativa de tejocote (Crataegus pubescens H.B.K.) por medio de acodos de cepa (Montículo)
260 _aChapingo, Méx. :
_bEl autor,
_c1993
300 _a56 h.
_b: ilus. ; gráfs
502 _aTesis (Ing. Agr. Esp. en Fitotecnia) -- UACH. Departamento de Fitotecnia
590 _aALEPH
_b10
_c20130110
_lUCH01
_h1221
590 _aBATCH-UPD
_b10
_c20130109
_lUCH01
_h2333
590 _aBATCH-UPD
_b10
_c20130110
_lUCH01
_h1644
590 _aBATCH-UPD
_b10
_c20130409
_lUCH01
_h1859
590 _aBATCH-UPD
_b10
_c20130410
_lUCH01
_h1034
590 _aBATCH-UPD
_b10
_c20130914
_lUCH01
_h1943
590 _aCONVERSION
_b10
_c20130109
_lUCH01
_h1306
650 1 4 _aPropagación de árboles frutales.
_992415
650 1 4 _aTejocote
_xPropagación.
_9112066
901 _aBK
942 _cTESIS
949 _bBC
_cTES
_d-18491
_eTS1
_h26050
_i8312
_mD
_si
999 _c8106
_d8106